Programa de formació continuada per a responsables d'àrees d'educació
Descripción Física:
6 volums ; 21 cm
Materias:
Educació -- Ensenyament (Educació permanent)
; Educació permanent -- Barcelona (Catalunya : Província)
Idioma:
Catalán
MARC
| LEADER | 00000nam a2200000Ia 4500 | ||
|---|---|---|---|
| 001 | 18033, 15436, 18034, 16641, 20955, 20986 | ||
| 003 | Arxiu | ||
| 005 | 20260324181046.0 | ||
| 008 | 160829c2001 spc xx s cat c | ||
| 040 | |a AGDB | ||
| 080 | |a FU-49-31, FU-37-39, E-1-256, E-1-232, E-1-316, FU-30-47 | ||
| 080 | |a FU-64-140 | ||
| 110 | |9 8009 |a Barcelona (Catalunya : Província). |b Àrea d'Educació |e entitat autora | ||
| 245 | 1 | 0 | |a Programa de formació continuada per a responsables d'àrees d'educació |
| 260 | |a [Barcelona] : |b Diputació de Barcelona. Xarxa de Municipis. Àrea d'Educació, |c 2001- | ||
| 300 | |a 6 volums ; |c 21 cm | ||
| 310 | |a Anual | ||
| 362 | |a 2000-2001 | ||
| 650 | |a Educació |x Ensenyament (Educació permanent) |9 36733 | ||
| 650 | 0 | |a Educació permanent |z Barcelona (Catalunya : Província) |9 56144 | |
| 866 | |a 2001-2002 | ||
| 866 | |a 2002-2003 | ||
| 866 | |a 2003-2004 | ||
| 866 | |a 2004-2005 | ||
| 866 | |a 2006-2007 | ||
| 866 | |a 2007-2008 | ||
| 901 | |a Arxiu | ||
| 942 | |n 1 |2 udc |c ARXIU | ||
| 952 | |0 0 |1 0 |4 0 |6 FU4931_E1256_E1232_E1316_FU3047 |7 1 |9 47467 |a Arxiu |b Arxiu |d 2016-12-01 |o FU-49-31, E-1-256, E-1-232, E-1-316, FU-30-47 |p 18033, 18034 |r 2016-12-01 00:00:00 |w 2016-12-01 |y ARXIU | ||
| 952 | |0 0 |1 0 |4 0 |7 1 |9 55964 |a Arxiu |b Arxiu |d 2023-04-18 |h 2000-2001 |o FU-64-140 |p 24325 |r 2016-12-01 00:00:00 |w 2016-12-01 |y ARXIU | ||
| 952 | |0 0 |1 0 |4 0 |6 FU3739 |7 1 |9 65941 |a Arxiu |b Arxiu |d 2023-04-04 |h 2002-2003 |l 0 |o FU-37-39 |p 15436 |r 2023-04-04 00:00:00 |w 2023-04-04 |y ARXIU | ||
| 999 | |c 51265 |d 51265 | ||